| 000 | 00572nam a22001697a 4500 | ||
|---|---|---|---|
| 003 | BD-DhUL | ||
| 005 | 20180816155200.0 | ||
| 008 | 180816s1995 ua ||||| |||| 00| 0 ara d | ||
| 040 |
_aBD-DhUL _cBD-DhUL |
||
| 082 |
_a892.709 _bHAT |
||
| 100 | 1 | _aحجازی، محمود فہمی | |
| 245 | 1 |
_aتاریخ الادب العربي : _cمحمود فہمی حجازی _bجلد ۶، جزء ۱۰-۱۱ / |
|
| 260 |
_aمصر : _bمنظمۃ العربیۃ، _c۱۹۹۵۔ |
||
| 300 |
_aجلد ۶، جزء ۱۰-۱۱ _c۲۴ سم۔ |
||
| 650 | 4 | _aArabic literature | |
| 942 |
_2ddc _cBK |
||
| 999 |
_c243186 _d243186 |
||